000 00270nam a2200097Ia 4500
005 20251222114417.0
008 251222s1900||||xx |||||||||||||| ||spa||
082 _aDVD0097/W13/1994
245 0 _aWoodstock: 3 días de Paz y Música (Woodstock: 3 days of peace )
942 _cDVD
999 _c2260
_d2260